000 00499nam a22001811a 4500
001 10379
003 OSt
005 20260204212156.0
008 081209s1972||||ag ||||||b||||||||||spa||
050 _a320.5 L976t
100 _aLussu, Emilio
245 _aTeoría de los procesos insurreccionales contemporáneos / Emilio Lussu
264 _aArgentina : Tiempo Contemporáneo
300 _a272 p
490 _aColección Crítica ideología
650 _aIdeología PolíticaÌ
942 _2ddc
_cBK
999 _c10379
_d10379